000 01077pam a2200301 a 4500
999 _c3645
_d3645
001 1037600
003 GZU
005 20201203092340.0
008 890712s1990 nyua b 001 0 eng
010 _a 89035255
020 _a0807729779 (pbk. : alk. paper)
020 _a0807729787 (hard : alk. paper)
040 _aDLC
_cDLC
_dDLC
043 _an-us---
050 0 0 _aN105
_b.E3FL 1990
082 0 0 _a707/.073
_220
100 1 _aEfland, Arthur,
_d1929-
245 1 2 _aA history of art education :
_bintellectual and social currents in teaching the visual arts /
_cArthur D. Efland.
260 _aNew York :
_bTeachers College Press,
_cc1990.
300 _axi, 305 p. :
_bill. ;
_c23 cm.
504 _aIncludes bibliographical references (p. 273-290).
650 0 _aArt
_xStudy and teaching
_zUnited States
_xHistory.
650 0 _aArt
_xStudy and teaching
_xHistory.
740 0 _aArt education.
906 _a7
_bcbc
_corignew
_d1
_eocip
_f19
_gy-gencatlg
942 _2lcc
_cBK
_h50
_iEFL
_kN